Normal view
MARC view
- GHARAIBEH, MALIK KHLAIF
Entry Personal Name
001 - CONTROL NUMBER
- control field: 6324
003 - CONTROL NUMBER IDENTIFIER
- control field: JO-AjAnu
005 - DATE AND TIME OF LATEST TRANSACTION
- control field: 20230606071327.0
008 - FIXED-LENGTH DATA ELEMENTS
- fixed length control field: 230606|| aca||aabn | a|a d
040 ## - CATALOGING SOURCE
- Original cataloging agency: JO-AjAnu
- Transcribing agency: JO-AjAnu
100 ## - HEADING--PERSONAL NAME
- Personal name: GHARAIBEH, MALIK KHLAIF
670 ## - SOURCE DATA FOUND
- Source citation: Work cat.: (JO-AjAnu)3276: GHARAIBEH, MALIK KHLAIF, author, A CONCEPTUAL FRAMEWORK FOR INTENTION TO USE MOBILE BANKING SERVICES: A STUDY FROM JORDAN